00594 2200205 4500001002100000005001700021008004100038035002400079040001200103082001400115090002100129100002700150245007600177250001100253260005400264300002200318650002100340850001200361990001500373YOGYA-0209000002027720090227023416.0 ind  0010-020900000020277 aYOPDYOG a327.59811 a327.59811bEli S aEL IBRAHIMY, H. M. Nur aSelayang pandang Langkah diplomasi kerajaan AcehcH. M. Nur El Ibrahimy aCet. 1 aJakartabPT. Gramedia Widiararana Indonesiac1993 axi, 90 hlmc21 cm aDiplomasi - Aceh aYOPDYOG aB010002419